Dodavatelsko-odběratelské vztahy a tvorba cen : sborník /

Další autoři: Tillmann, Jiří
Jazyk: Čeština
Vydáno: Praha : Dům techniky ČVTS, 1973
Fyzický popis: 141 s.
Knihy
Uloženo v:
LEADER 00805nam a22002412a 4500
001 001216972
003 CZ BrMZK
005 20121107135007.0
007 ta
008 120528s1973 xr er|||||||||||cze d
015 |a cnb001050468 
035 |a (OCoLC)85649522 
040 |a ABA001  |b cze  |c ABA001  |d ABA001  |d BOA001 
080 9 |a 338.51/.53:330.611.5(021) 
080 9 |a 330.611.5:338.51/.53(021) 
245 0 0 |a Dodavatelsko-odběratelské vztahy a tvorba cen :  |b sborník /  |c kolektiv autorů ; odborný redaktor Jiří Tillmann 
260 |a Praha :  |b Dům techniky ČVTS,  |c 1973 
300 |a 141 s. 
700 1 |a Tillmann, Jiří  |7 jk01132475  |4 edt 
910 |a BOA001  |b 2-0762.454 
990 |a BK 
991 |b 201205 
996 7 |b 2619523226  |c 2-0762.454  |l MZK  |r Sklad / do 1 hodiny  |n 1  |w 001250678  |u 000010  |a 1  |e BOA001  |j MZK50  |s A